00394pab a2200121 454500008003600000100002100036245005400057362003300111650003700144650002400181650003300205773003400238180718b xxu||||| |||| 00| 0 eng d aJain Ravindra K. aTamilian labour and Malayan plantation, 1840-1938 a28(43), 23 Oct 93, p.2363-70 a Labour -- Tamilians -- Malaysia a Labour -- Malaysia aMigratory Labour -- Malaysia aEconomic and Political Weekly